Le pré aux clercs [ (Record no. 171087)

MARC details
000 -LEADER
campo de control de longitud fija 00884nam a2200241 i 4500
001 - NÚMERO DE CONTROL
campo de control 171087
003 - IDENTIFICADOR DE NÚMERO DE CONTROL
campo de control ES-MaACL
005 - FECHA Y HORA DE LA ÚLTIMA TRANSACCIÓN
campo de control 20230906214533.0
008 - DATOS DE LONGITUD FIJA--INFORMACIÓN GENERAL
campo de control de longitud fija 090427q1832 fr |||| | fre d
080 ## - NÚMERO DE LA CLASIFICACIÓN DECIMAL UNIVERSAL
Número de la Clasificación Decimal Universal 782.089.6
100 1# - ENTRADA PRINCIPAL--NOMBRE DE PERSONA
Nombre de persona Hérold, Ferdinand.
9 (RLIN) 137970
245 13 - MENCIÓN DEL TÍTULO
Título Le pré aux clercs [
Medio Música impresa]
Resto del título : opéra-comique en trois actes /
Mención de responsabilidad, etc. paroles de E. de Planard ; musique de F. Hérold.
250 ## - MENCION DE EDICION
Mención de edición Petite éd. populaire.
260 ## - PUBLICACIÓN, DISTRIBUCIÓN, ETC.
Lugar de publicación, distribución, etc. Paris :
Nombre del editor, distribuidor, etc. L. Grus & Cie,
Fecha de publicación, distribución, etc. [ca. 1832]
300 ## - DESCRIPCIÓN FÍSICA
Extensión 1 partitura vocal (150 p.) ;
Dimensiones 19 cm.
490 1# - MENCIÓN DE SERIE
Mención de serie Petites partitions populaires ;
Designación de volumen o secuencia 6
650 #4 - PUNTO DE ACCESO ADICIONAL DE MATERIA--TÉRMINO DE MATERIA
Término de materia o nombre geográfico como elemento de entrada Óperas-
Subdivisión general Partituras vocales.
9 (RLIN) 137997
700 1# - ENTRADA AGREGADA--NOMBRE PERSONAL
Nombre de persona Planard, Eugène de.
9 (RLIN) 139092
830 1# - PUNTO DE ACCESO ADICIONAL DE SERIE-TÍTULO UNIFORME
Título uniforme Petites partitions populaires ;
Designación de volumen o secuencia 6
9 (RLIN) 223139
852 4# - LOCALIZACIÓN
Ubicación ES-MaACL
Número de control de estantería E-12615
Nota libre - Biblioteca Jacinto Martínez Lacalle
942 ## - ELEMENTOS DE ENTRADA SECUNDARIOS (KOHA)
Fuente del sistema de clasificación o colocación Clasificación decimal universal
Holdings
Estatus retirado Estado de pérdida Fuente del sistema de clasificación o colocación Estado de daño No para préstamo Colección Biblioteca de origen Biblioteca actual Ubicación en estantería Fecha de adquisición Total de préstamos Signatura topográfica completa Código de barras Visto por última vez Precio de reemplazo Tipo de ítem Koha
    Clasificación decimal universal     Libros del s. XIX Biblioteca del Ateneo de Madrid Biblioteca del Ateneo de Madrid Depósito 2 27/04/2009   E-12615 1179551 23/02/2023 23/02/2023 Partitura